<?xml version="1.0" encoding="UTF-8"?>
<record
    xmlns:xsi="http://www.w3.org/2001/XMLSchema-instance"
    xsi:schemaLocation="http://www.loc.gov/MARC21/slim http://www.loc.gov/standards/marcxml/schema/MARC21slim.xsd"
    xmlns="http://www.loc.gov/MARC21/slim">

  <leader>00828nam a2200229 a 4500</leader>
  <controlfield tag="001">BRCA_1404</controlfield>
  <controlfield tag="005">20190320203419.0</controlfield>
  <controlfield tag="008">810828s1978    mx-#---##b---f000-0aspa-#</controlfield>
  <datafield tag="041" ind1=" " ind2=" ">
    <subfield code="a">spaeng</subfield>
  </datafield>
  <datafield tag="050" ind1=" " ind2="4">
    <subfield code="a">E411</subfield>
    <subfield code="b">.B35 1978</subfield>
  </datafield>
  <datafield tag="100" ind1="1" ind2=" ">
    <subfield code="a">Baker, George Towne</subfield>
    <subfield code="d">1941-</subfield>
    <subfield code="9">4589</subfield>
  </datafield>
  <datafield tag="245" ind1="1" ind2="0">
    <subfield code="a">M&#xE9;xico ante los ojos del ej&#xE9;rcito invasor de 1847</subfield>
    <subfield code="b">diario del coronel Ethan Allen Hitchcok</subfield>
    <subfield code="c">George Baker.</subfield>
  </datafield>
  <datafield tag="260" ind1=" " ind2=" ">
    <subfield code="a">M&#xE9;xico</subfield>
    <subfield code="b">UNAM</subfield>
    <subfield code="c">1978</subfield>
  </datafield>
  <datafield tag="300" ind1=" " ind2=" ">
    <subfield code="a">150 p.</subfield>
    <subfield code="c">22 cm.</subfield>
  </datafield>
  <datafield tag="600" ind1="1" ind2="4">
    <subfield code="a">Hitchcock, Ethan Allen</subfield>
    <subfield code="d">1798-1870</subfield>
    <subfield code="9">4590</subfield>
  </datafield>
  <datafield tag="650" ind1="1" ind2="4">
    <subfield code="a">Guerra mexicana, 1846-1848</subfield>
    <subfield code="x">Narrativas personales</subfield>
    <subfield code="9">4591</subfield>
  </datafield>
  <datafield tag="650" ind1="1" ind2="4">
    <subfield code="a">Guerra mexicana, 1846-1848</subfield>
    <subfield code="x">Campa&#xF1;as</subfield>
    <subfield code="9">4592</subfield>
  </datafield>
  <datafield tag="650" ind1="1" ind2="4">
    <subfield code="a">Generales</subfield>
    <subfield code="x">Biograf&#xED;a</subfield>
    <subfield code="z">Estados Unidos</subfield>
    <subfield code="9">4593</subfield>
  </datafield>
  <datafield tag="651" ind1=" " ind2="4">
    <subfield code="a">Estados Unidos</subfield>
    <subfield code="v">Biograf&#xED;a</subfield>
    <subfield code="x">Ej&#xE9;rcito</subfield>
    <subfield code="9">4594</subfield>
  </datafield>
  <datafield tag="653" ind1="0" ind2=" ">
    <subfield code="a">Intervenci&#xF3;n Norteamericana</subfield>
  </datafield>
  <datafield tag="942" ind1=" " ind2=" ">
    <subfield code="2">lcc</subfield>
    <subfield code="c">B</subfield>
  </datafield>
  <datafield tag="999" ind1=" " ind2=" ">
    <subfield code="c">1266</subfield>
    <subfield code="d">1266</subfield>
  </datafield>
  <datafield tag="952" ind1=" " ind2=" ">
    <subfield code="0">0</subfield>
    <subfield code="1">0</subfield>
    <subfield code="4">0</subfield>
    <subfield code="7">0</subfield>
    <subfield code="a">BRCA</subfield>
    <subfield code="b">BRCA</subfield>
    <subfield code="d">2008-06-26</subfield>
    <subfield code="l">0</subfield>
    <subfield code="o">E411 .B35 1978</subfield>
    <subfield code="p">01926</subfield>
    <subfield code="r">2019-03-22 00:00:00</subfield>
    <subfield code="w">2019-03-22</subfield>
    <subfield code="y">B</subfield>
  </datafield>
</record>
